=LDR 00000nam 2200000 4500 =001 INLIS000000000042011 =005 20130612151519 =008 ***********************************ind** =035 ##$$0010-061300000042011 =041 ##$$a ind =082 ##$$a 813 =090 ##$$a 813, Chn c =100 ##$$a Chusnul Chotimah =245 ##$$a Cintaku, larasati, Chusnul chotimah =260 ##$$a 2008 $b Jakarta =300 ##$$a 122 hlm, 21 cm =650 ##$$a FIKSI INDONESIA =850 ##$$a NBPNMAT =990 ##$$a 2090100992/BPAP-NTB/2015